| 000 | 00850nam a2200205Ia 4500 | ||
|---|---|---|---|
| 001 | 36570 | ||
| 008 | 191115s ii a g b000 u 297 u | ||
| 082 | _a492.7 | ||
| 100 |
_aBaalbaki, Munir ., _eAuthor. |
||
| 245 | 0 |
_aAl-Mawrid / _cMunir Baalbaki, Rohi Baalbaki _hTextual Documents |
|
| 250 | _a23rd ed. | ||
| 260 |
_aSl : : _bDar el-Ilm Lilmalayin, _c1956. _c2009. |
||
| 300 |
_aVol i a modern-English arabic dictionary(1-1429p) by Munir Baalbaki and Ramzi Munir Baalbaki: _bill ; ; _c25cm. _aVol II a modern arabic english dictionary by Rohi Baalbaki(1-1205p): _c25cm. |
||
| 500 | _aAcc no-960/cu is by Rohi Baalbaki and Acc no 959/cu is by Munir Baalbaki | ||
| 653 | _aArabic | ||
| 653 | _aModern-English arabic dictionary, Dictionary, Arabic-English dictionary | ||
| 653 | _aPG-Arabic | ||
| 700 |
_aBaalbaki, Rohi, _eAuthor. |
||
| 942 |
_2ddc _cBK |
||
| 999 |
_c36552 _d36552 |
||